[Event "Asian-ch Seniors zt 50 3.1"]
[Site "Chess.com INT"]
[Date "2020.07.13"]
[Round "2.2"]
[White "Baranbo, Mohamed"]
[Black "Mohammed Ali, Madial Kinani"]
[Result "0-1"]
[WhiteElo "1883"]
[BlackElo "2094"]
[PlyCount "138"]
[EventDate "2020.07.13"]
[EventType "swiss"]
[EventRounds "7"]
[EventCountry "JOR"]
[SourceTitle "EXT 2024"]
[Source "ChessBase"]
[SourceDate "2023.10.10"]
[SourceVersion "1"]
[SourceVersionDate "2023.10.10"]
[SourceQuality "1"]

1. e4 c6 2. d3 d5 3. Nd2 Nf6 4. Ngf3 e6 5. g3 Bb4 6. c3 Bc5 7. Bg2 0-0 8. 0-0 b6 9. e5 Nfd7 10. d4 Be7 11. h4 c5 12. Nb3 Nc6 13. Be3 Ba6 14. Re1 Bc4 15. Nbd2 Bd3 16. Nf1 Bg6 17. a3 c4 18. N1h2 b5 19. Ng5 h6 20. Nh3 a5 21. Qd2 Kh7 22. Ng4 Bf5 23. Nh2 b4 24. axb4 axb4 25. Rxa8 Qxa8 26. g4 Bd3 27. g5 h5 28. Qd1 g6 29. Nf4 Bf5 30. Bf3 Qa2 31. Bxh5 Qxb2 32. Bxg6+ fxg6 33. h5 Qc2 34. hxg6+ Bxg6 35. Qg4 Qf5 36. Qh4+ Kg8 37. Qh6 Qxg5+ 38. Qxg5 Bxg5 39. Nxg6 Bxe3 40. Nxf8 Bd2 41. Rd1 bxc3 42. Nxd7 c2 43. Nf6+ Kf7 44. Ra1 c1Q+ 45. Rxc1 Bxc1 46. Nf3 Bb2 47. Ng4 Nxd4 48. Nxd4 Bxd4 49. Kf1 Kg6 50. Ke2 Kf5 51. f3 Bxe5 52. Ne3+ Kf6 53. Ng4+ Kf5 54. Ne3+ Kf4 55. Ng2+ Kg3 56. Ne3 Bf4 57. Nc2 e5 58. Na3 Bc1 59. Nb5 d4 60. Nd6 d3+ 61. Kd1 Bf4 62. Nxc4 Kxf3 63. Nb2 e4 64. Na4 e3 65. Nc3 e2+ 66. Nxe2 dxe2+ 67. Ke1 Bg3+ 68. Kd2 e1Q+ 69. Kd3 Qe4+ 0-1

[Event "Asian-ch Seniors zt 50 3.1"]
[Site "Chess.com INT"]
[Date "2020.07.13"]
[Round "3.2"]
[White "Mohammed Ali, Madial Kinani"]
[Black "Salim Issa, Ali Shamas"]
[Result "1-0"]
[WhiteElo "2094"]
[BlackElo "2041"]
[PlyCount "51"]
[EventDate "2020.07.13"]
[EventType "swiss"]
[EventRounds "7"]
[EventCountry "JOR"]
[SourceTitle "EXT 2024"]
[Source "ChessBase"]
[SourceDate "2023.10.10"]
[SourceVersion "1"]
[SourceVersionDate "2023.10.10"]
[SourceQuality "1"]

1. e4 Nf6 2. Nc3 e6 3. d4 d5 4. Bd3 c5 5. Nf3 Nc6 6. exd5 exd5 7. dxc5 Bxc5 8. 0-0 0-0 9. Bg5 Be6 10. Re1 Qb6 11. Qd2 Ng4 12. Re2 Nxf2 13. Rxf2 Bxf2+ 14. Qxf2 Qxb2 15. Qe1 d4 16. Ne4 Bd5 17. Rb1 Qxa2 18. Rxb7 Rae8 19. Qh4 f5 20. Nf6+ Rxf6 21. Bxf6 Ne7 22. Rxe7 Rxe7 23. Bxe7 Bxf3 24. gxf3 Qb1+ 25. Kg2 Qe1 26. Qxe1 1-0

[Event "Baghdad op 6th"]
[Site "Baghdad"]
[Date "2018.03.15"]
[Round "3"]
[White "Mohammed Ali, Madial Kinani"]
[Black "Al Saffar, Araz Basim Mohammed"]
[Result "0-1"]
[WhiteElo "2022"]
[BlackElo "2368"]
[PlyCount "100"]
[EventDate "2018.03.14"]
[EventType "swiss"]
[EventRounds "9"]
[EventCountry "IRQ"]
[SourceTitle "CBM 183 Extra"]
[Source "ChessBase"]
[SourceDate "2018.04.19"]
[SourceVersion "1"]
[SourceVersionDate "2018.04.19"]
[SourceQuality "1"]

1. e4 e5 2. Nf3 Nc6 3. Bc4 Nf6 4. Ng5 d5 5. exd5 Nd4 6. c3 b5 7. Bf1 Nxd5 8. Ne4 Ne6 9. Bxb5+ Bd7 10. Qa4 Ndf4 11. Bxd7+ Qxd7 12. Qxd7+ Kxd7 13. d4 exd4 14. Bxf4 Nxf4 15. 0-0 Re8 16. Nbd2 f5 17. Ng3 dxc3 18. bxc3 g6 19. Rfd1 h5 20. h4 c6 21. Rab1 Kc7 22. c4 Bc5 23. Nb3 Be7 24. Rd2 Ne6 25. Rbd1 Rd8 26. Re1 Rxd2 27. Nxd2 Kd6 28. Nf3 Bf6 29. Rb1 Nc5 30. Ne2 Re8 31. Nf4 Re4 32. Nxg6 Rxc4 33. Rd1+ Kc7 34. g3 Ne6 35. Re1 Nd4 36. Nxd4 Bxd4 37. Nf4 c5 38. Re2 Kd6 39. Re6+ Kd7 40. Re2 Rb4 41. Kf1 c4 42. Rc2 Be5 43. Nxh5 Kd6 44. Ke2 Kc5 45. f3 Kd4 46. Kd2 Rb7 47. Kc1 c3 48. g4 Kd3 49. f4 Bd6 50. Kd1 Rb1+ 0-1

[Event "Baghdad op 5th"]
[Site "Baghdad"]
[Date "2017.03.20"]
[Round "8"]
[White "Ahmed, Ali Layth Ahmed"]
[Black "Mohammed Ali, Madial Kinani"]
[Result "1-0"]
[WhiteElo "2264"]
[BlackElo "2052"]
[PlyCount "101"]
[EventDate "2017.03.16"]
[EventType "swiss"]
[EventRounds "9"]
[EventCountry "IRQ"]
[SourceTitle "CBM 177 Extra"]
[Source "ChessBase"]
[SourceDate "2017.04.27"]
[SourceVersion "1"]
[SourceVersionDate "2017.04.27"]
[SourceQuality "1"]

1. d4 Nf6 2. c4 g6 3. Nc3 Bg7 4. e4 d6 5. Be2 0-0 6. Bg5 Nbd7 7. Qd2 c6 8. f3 e5 9. d5 c5 10. Bd3 a6 11. Nge2 Qa5 12. 0-0 Kh8 13. a3 Ng8 14. Ng3 Qc7 15. Kh1 f6 16. Be3 Nb6 17. Rac1 h6 18. Nce2 Nd7 19. Nc3 Rf7 20. Nge2 Nf8 21. b4 b6 22. f4 Bg4 23. f5 cxb4 24. axb4 Bxe2 25. Bxe2 g5 26. c5 bxc5 27. bxc5 dxc5 28. d6 Qd8 29. Bc4 Rd7 30. Qa2 Nh7 31. Bxc5 h5 32. Be6 Rxd6 33. Bxd6 Qxd6 34. Rfd1 Qb6 35. Nd5 Qb8 36. Qe2 g4 37. Rc8 Qb7 38. Rc7 Qb8 39. Qa2 Ng5 40. Rb1 Qf8 41. Bxg8 Qxg8 42. Rbb7 Rc8 43. Qc2 Rxc7 44. Rxc7 Nf7 45. Ne7 Qe8 46. Rc8 Nd8 47. Nc6 Kh7 48. Rxd8 Qf7 49. Rd1 Qc7 50. Qc4 Qb6 51. Qf7 1-0

[Event "Baghdad op 5th"]
[Site "Baghdad"]
[Date "2017.03.18"]
[Round "4"]
[White "Mohammed Ali, Madial Kinani"]
[Black "Manar, Khalil"]
[Result "0-1"]
[WhiteElo "2052"]
[BlackElo "1851"]
[PlyCount "136"]
[EventDate "2017.03.16"]
[EventType "swiss"]
[EventRounds "9"]
[EventCountry "IRQ"]
[SourceTitle "CBM 177 Extra"]
[Source "ChessBase"]
[SourceDate "2017.04.27"]
[SourceVersion "1"]
[SourceVersionDate "2017.04.27"]
[SourceQuality "1"]

1. e4 c5 2. Nf3 e6 3. c4 Nc6 4. d4 cxd4 5. Nxd4 Nf6 6. Nc3 d6 7. Be3 Be7 8. Be2 a6 9. 0-0 0-0 10. f3 Qc7 11. Rc1 Rd8 12. Qe1 b6 13. Nd5 exd5 14. cxd5 Qb7 15. Nxc6 Re8 16. Qf2 b5 17. Rc2 Bd7 18. Na5 Qb8 19. Rfc1 Bd8 20. Nc6 Qb7 21. Nxd8 Raxd8 22. Rc7 Qb8 23. Bg5 Rc8 24. Rxc8 Rxc8 25. Rxc8+ Bxc8 26. Bxf6 gxf6 27. Qd4 f5 28. Qf6 Qb6+ 29. Kf1 fxe4 30. fxe4 Qc5 31. Qg5+ Kf8 32. e5 dxe5 33. Qxe5 Bd7 34. a3 a5 35. Bf3 b4 36. axb4 axb4 37. Be2 Ba4 38. Qf4 Bb3 39. d6 Be6 40. h4 Ke8 41. g4 Kd7 42. g5 Qf5 43. Qxf5 Bxf5 44. Bc4 Bg6 45. Ke2 Kxd6 46. Bd3 Ke5 47. Bxg6 hxg6 48. Ke3 Kf5 49. Kf3 b3 50. Kg3 Ke4 51. Kg4 Kd3 52. h5 gxh5+ 53. Kxh5 Kc2 54. Kh6 Kxb2 55. Kg7 Kc2 56. Kxf7 b2 57. g6 b1Q 58. g7 Qf1+ 59. Ke8 Qg2 60. Kf8 Qf3+ 61. Ke8 Qg4 62. Kf8 Qf5+ 63. Ke8 Qg6+ 64. Kf8 Qf6+ 65. Kg8 Kd3 66. Kh7 Qf7 67. Kh8 Qh5+ 68. Kg8 Ke4 0-1

[Event "Baghdad op 4th"]
[Site "Baghdad"]
[Date "2016.03.21"]
[Round "3"]
[White "Mohammed Ali, Madial Kinani"]
[Black "Al Saffar, Araz Basim Mohammed"]
[Result "0-1"]
[WhiteElo "2064"]
[BlackElo "2357"]
[PlyCount "52"]
[EventDate "2016.03.20"]
[EventType "swiss"]
[EventRounds "9"]
[EventCountry "IRQ"]
[SourceTitle "EXT 2017"]
[Source "ChessBase"]
[SourceDate "2016.10.25"]
[SourceVersion "1"]
[SourceVersionDate "2016.10.25"]
[SourceQuality "1"]

1. e4 e5 2. Nf3 Nc6 3. Bc4 Nf6 4. Ng5 d5 5. exd5 b5 6. Bxb5 Qxd5 7. Bxc6+ Qxc6 8. Qf3 e4 9. Qb3 h6 10. Nxf7 Be6 11. Ne5 Bxb3 12. Nxc6 Bxc2 13. 0-0 Bd6 14. b3 Bd3 15. Re1 Kd7 16. Na5 Ng4 17. h3 Bh2+ 18. Kh1 Be5 19. hxg4 Bxa1 20. Nc3 Rhf8 21. Kg1 Rf4 22. Ba3 Bxc3 23. dxc3 Re8 24. Rd1 Rxg4 25. f3 Rg5 26. Nc4 Kc8 0-1

[Event "Istanbul op-A 11th"]
[Site "Istanbul"]
[Date "2012.09.07"]
[Round "8"]
[White "Mohammed Ali, Madial Kinani"]
[Black "Okus, Melih"]
[Result "0-1"]
[WhiteElo "2241"]
[BlackElo "1980"]
[PlyCount "196"]
[EventDate "2012.08.30"]
[EventType "swiss"]
[EventRounds "9"]
[EventCountry "TUR"]
[SourceTitle "CBM 150 Extra"]
[Source "ChessBase"]
[SourceDate "2012.10.19"]
[SourceVersion "1"]
[SourceVersionDate "2012.10.19"]
[SourceQuality "1"]

1. e4 c5 2. Nf3 Nc6 3. d4 cxd4 4. Nxd4 g6 5. Nc3 Bg7 6. Be3 Nf6 7. Bc4 0-0 8. Bb3 d6 9. f3 Bd7 10. Qd2 Nxd4 11. Bxd4 b5 12. 0-0 a5 13. a3 e6 14. Rfd1 Ra6 15. Qe2 a4 16. Ba2 Qb8 17. b3 Rc8 18. bxa4 e5 19. axb5 Rxa3 20. Bxe5 Raxc3 21. Rxd6 Rxc2 22. Qd1 Qxb5 23. Rxf6 Qxe5 24. Rxf7 Be6 25. Bxe6 Qxe6 26. Raa7 Qxf7 27. Rxf7 Rc1 28. Rd7 Rxd1+ 29. Rxd1 Be5 30. g3 h6 31. f4 Bb2 32. Kg2 Rc6 33. e5 Kf7 34. Kf3 Ke6 35. Kg4 Ba3 36. h4 Rc3 37. h5 gxh5+ 38. Kxh5 Rxg3 39. Kxh6 Rg4 40. Rd4 Bf8+ 41. Kh5 Rg1 42. Kh4 Bc5 43. Rc4 Be7+ 44. Kh3 Kf5 45. Kh2 Rg7 46. Kh3 Rg6 47. Kh2 Bh4 48. e6 Rxe6 49. Kg2 Re3 50. Rc8 Kxf4 51. Rc4+ Kg5 52. Rc5+ Kg4 53. Rc4+ Kh5 54. Rc5+ Bg5 55. Kf2 Ra3 56. Ke2 Kg4 57. Rc8 Re3+ 58. Kf2 Rd3 59. Rc2 Bf4 60. Ke2 Rh3 61. Rc8 Rh2+ 62. Kd3 Kf3 63. Rf8 Rd2+ 64. Kc3 Rd6 65. Kc4 Ke4 66. Kc5 Rd1 67. Kc4 Rc1+ 68. Kb3 Be3 69. Rd8 Bd4 70. Rg8 Kd3 71. Rg3+ Be3 72. Kb4 Rb1+ 73. Ka5 Kd4 74. Rh3 Kc5 75. Rh5+ Kc4 76. Rh4+ Bd4 77. Ka6 Rb6+ 78. Ka5 Rb7 79. Rh6 Bf2 80. Rg6 Be3 81. Rf6 Rg7 82. Rc6+ Bc5 83. Rh6 Rb7 84. Rh4+ Bd4 85. Rh6 Rb2 86. Ka6 Ra2+ 87. Kb7 Ra7+ 88. Kb8 Re7 89. Kc8 Be5 90. Kd8 Ra7 91. Kc8 Rc7+ 92. Kd8 Kd5 93. Rh1 Rb7 94. Kc8 Ra7 95. Rd1+ Ke6 96. Rd2 Rc7+ 97. Kd8 Rc6 98. Rd1 Bf6+ 0-1

[Event "Yemen op 1st"]
[Site "Sanaa"]
[Date "2002.10.12"]
[Round "7"]
[White "Osman, Gadir Abdel"]
[Black "Mohammed Ali, Madial Kinani"]
[Result "1/2-1/2"]
[WhiteElo "2185"]
[BlackElo "2275"]
[PlyCount "104"]
[EventDate "2002.10.04"]
[EventType "swiss"]
[EventRounds "9"]
[EventCountry "YEM"]
[SourceTitle "CBM 090 Extra"]
[Source "ChessBase"]
[SourceDate "2002.11.07"]
[SourceVersion "1"]
[SourceVersionDate "2002.11.07"]
[SourceQuality "1"]

1. Nf3 d5 2. c4 c6 3. Qc2 e6 4. g3 Nf6 5. Bg2 Nbd7 6. b3 Bc5 7. Bb2 0-0 8. 0-0 Re8 9. d4 Bd6 10. Nbd2 Nf8 11. e4 dxe4 12. Nxe4 Nxe4 13. Qxe4 Ng6 14. Rfe1 Bd7 15. h4 h6 16. h5 Nf8 17. a4 Nh7 18. Qe2 Qa5 19. c5 Bb8 20. Nd2 Qd8 21. b4 a6 22. Nc4 Bc7 23. a5 Nf6 24. Bc3 Nd5 25. Bd2 Qf6 26. Ne5 Rad8 27. Be4 Qe7 28. Bc2 f5 29. Ra3 Bxe5 30. dxe5 Rf8 31. Rd3 Be8 32. Kg2 Qf7 33. Rh1 f4 34. Rh4 Qe7 35. Qe4 Rf5 36. Bxf4 g5 37. hxg6 Bxg6 38. Rxh6 Nxf4+ 39. Qxf4 Rxf4 40. Rxg6+ Kf7 41. gxf4 Rxd3 42. Bxd3 Qd8 43. Rf6+ Kg7 44. Bc4 Qd4 45. Bxe6 Qxb4 46. Rf7+ Kh6 47. Kg3 Qb1 48. Rf6+ Kg7 49. Rf7+ Kh6 50. Rf6+ Kg7 51. Rf7+ Kh8 52. Rf8+ Kg7 1/2-1/2

[Event "Budapest FS02 IM"]
[Site "Budapest"]
[Date "1999.02.15"]
[Round "10"]
[White "Mohammed Ali, Madial Kinani"]
[Black "Farago, Sandor"]
[Result "1/2-1/2"]
[WhiteElo "2245"]
[BlackElo "2314"]
[PlyCount "90"]
[EventDate "1999.02.??"]
[EventType "tourn"]
[EventRounds "13"]
[EventCountry "HUN"]
[EventCategory "2"]
[SourceTitle "EXT 2000"]
[Source "ChessBase"]
[SourceDate "1999.11.16"]
[SourceVersion "1"]
[SourceVersionDate "1999.11.16"]
[SourceQuality "1"]

1. e4 c5 2. Nf3 d6 3. d4 cxd4 4. Nxd4 Nf6 5. Nc3 g6 6. Be3 Bg7 7. f3 0-0 8. Bc4 Nc6 9. Qd2 Bd7 10. h4 h5 11. 0-0-0 Ne5 12. Bb3 Rc8 13. Kb1 Nc4 14. Bxc4 Rxc4 15. Nde2 Qb8 16. Bg5 Be6 17. Nf4 Rfc8 18. Bxf6 Bxf6 19. Ncd5 Bxd5 20. Nxd5 Rxc2 21. Nxf6+ exf6 22. Qxc2 Rxc2 23. Kxc2 f5 24. Rhe1 f4 25. Kb1 Qc7 26. Rd5 Qe7 27. Red1 Qxh4 28. Rxd6 Qg3 29. R1d2 h4 30. R6d3 Kg7 31. Rc3 Kh6 32. a3 Qe1+ 33. Kc2 Qf1 34. Kb3 f6 35. Rc8 Kg5 36. Rc5+ Kh6 37. Rc3 Qb5+ 38. Ka2 Qf1 39. Rc8 Kg5 40. Rd5+ Kh6 41. Rd7 h3 42. Rh8+ Kg5 43. Rxh3 Qc4+ 44. Kb1 Qf1+ 45. Ka2 Qc4+ 1/2-1/2

[Event "Budapest FS02 IM"]
[Site "Budapest"]
[Date "1999.02.06"]
[Round "1"]
[White "Zimmerman, Yuri"]
[Black "Mohammed Ali, Madial Kinani"]
[Result "1/2-1/2"]
[WhiteElo "2374"]
[BlackElo "2245"]
[PlyCount "129"]
[EventDate "1999.02.??"]
[EventType "tourn"]
[EventRounds "13"]
[EventCountry "HUN"]
[EventCategory "2"]
[SourceTitle "EXT 2000"]
[Source "ChessBase"]
[SourceDate "1999.11.16"]
[SourceVersion "1"]
[SourceVersionDate "1999.11.16"]
[SourceQuality "1"]

1. d4 Nf6 2. c4 e6 3. Nc3 Bb4 4. Qc2 c5 5. dxc5 Na6 6. a3 Bxc5 7. e3 b6 8. Nf3 Bb7 9. Bd3 0-0 10. 0-0 d5 11. cxd5 exd5 12. b4 Bd6 13. Bb2 Nc7 14. Rfd1 Qe7 15. Nb5 Nxb5 16. Bxb5 Rac8 17. Qd3 Ne4 18. Rac1 a5 19. Qd4 Qf6 20. Qxf6 Nxf6 21. bxa5 bxa5 22. Nd4 Be5 23. Bc3 Rc5 24. a4 Rfc8 25. Bd2 Rxc1 26. Rxc1 Rxc1+ 27. Bxc1 Ne4 28. Nb3 Bc3 29. Ba3 Nd2 30. Nxd2 Bxd2 31. Kf1 Bc3 32. Bc5 f6 33. Ke2 Kf7 34. Kd3 Be1 35. f3 Ke6 36. Kd4 f5 37. Kd3 g6 38. Bd4 Kd6 39. Bc3 Bxc3 40. Kxc3 Kc5 41. Be8 g5 42. g3 f4 43. gxf4 gxf4 44. exf4 d4+ 45. Kd3 Bxf3 46. h3 Bg2 47. h4 Bf3 48. h5 h6 49. f5 Kd5 50. Bf7+ Ke5 51. Bg6 Bc6 52. f6 Kxf6 53. Kxd4 Bxa4 54. Kc5 Bd7 55. Kd6 Bg4 56. Kc5 Be2 57. Be8 Kg5 58. Kb6 Bxh5 59. Bc6 Be2 60. Kxa5 h5 61. Kb4 Kf4 62. Kc3 Ke3 63. Be8 h4 64. Bd7 Bf1 65. Bc8 1/2-1/2

[Event "Stockerau op"]
[Site "Stockerau"]
[Date "1993.??.??"]
[Round "1"]
[White "Todorov, Todor"]
[Black "Mohammed Ali, Madial Kinani"]
[Result "1-0"]
[WhiteElo "2230"]
[BlackElo "2200"]
[PlyCount "39"]
[EventDate "1993.??.??"]
[EventType "swiss"]
[EventRounds "9"]
[EventCountry "AUT"]
[SourceTitle "EXT 1997"]
[Source "ChessBase"]
[SourceDate "1996.11.15"]
[SourceVersion "1"]
[SourceVersionDate "1996.11.15"]
[SourceQuality "1"]

1. e4 d6 2. d4 Nf6 3. Nc3 g6 4. Bg5 Bg7 5. e5 dxe5 6. dxe5 Qxd1+ 7. Rxd1 Nfd7 8. Nd5 Bxe5 9. Nf3 c6 10. Nxe7 h6 11. Nxe5 hxg5 12. N5xg6 fxg6 13. Nxc8 b6 14. Nd6+ Ke7 15. Be2 Nf6 16. 0-0 Nbd7 17. Rfe1 Kf8 18. Bf3 Nb8 19. Nc4 g4 20. Rd8+ 1-0